000 00640nam a2200229Ia 4500
003 OSt
005 20220928104154.0
006 a|||||r|||| 00| 0
007 ta
008 220927b |||||||| |||| 00| 0 eng d
024 _a57267
037 _cTextual
040 _aSDCL
_cSDCL
_beng
041 _2eng
_aeng
082 _aR625x1,1,1,1, M8
100 _aUdyotakaracarya Srimad
_9409440
245 0 _aIntroduction to the nyayavarttika .
260 _aDelhi
_bBharatiya Book Corporation
_c1988
300 _a270p.
_ccm.
942 _hR625x1,1,1,1, M8
_cTEXL
_2CC
999 _c724984
_d724984